000 02666cam a22006134i 4500
003 PE-LiUPU
005 20250731180117.0
008 190805s2019 ck a rb 000 0 spa d
020 _a9587784839
_q(Colombia-Alfaomega)
020 _a9561422190
_q(Ediciones Universidad Católica de Chile)
020 _a9789587784831
_q(Colombia-Alfaomega)
020 _a9789561422193
_q(Ediciones Universidad Católica de Chile)
035 _a(Sirsi) a252370
040 _aPE-LiUPU
_bspa
_cPE-LiUPU
_erda
049 _aPRUA
082 0 4 _a574.015195
_bV66
_220
100 1 _aVillarroel del Pino, Luis A.,
_eautor.
245 1 0 _aMétodos bioestadísticos /
_cLuis A. Villarroel del Pino.
250 _aSegunda edición.
264 1 _aBogotá :
_bAlfaomega Colombiana ;
_aSantiago de Chile :
_bEdiciones Universidad Católica de Chile,
_c2019.
300 _a344 páginas :
_bilustraciones ;
_c24 centímetros
336 _atext
_2rdacontent
337 _aunmediated
_2rdamedia
338 _avolume
_2rdacarrier
504 _aBibliografía: páginas 315-317.
505 0 _aEstadística descriptiva -- Probabilidad básica y análisis combinatorio -- Distribuciones de probabilidad -- Intervalos de confianza -- Test de hipótesis y asociación de variables -- Modelos de regresión lineal y logística -- Introducción a SPSS24 -- Introducción a minitab 16 -- Bibliografía -- Soluciones y respuestas.
526 _aSEG44
526 _aSEG26
526 _aP159
526 _aP155
526 _aP154
526 _aP153
526 _aP150
526 _aP100
526 _aP31
526 _aP30
526 _aP26
526 _aP25
526 _aP24
526 _aP22
526 _aP15
526 _aP10
541 _gE001-7;
541 _gE001-9;
650 0 4 _aEstadística demográfica.
650 0 4 _aSupervivencia
_vEstadísticas.
910 _abgr
_bjpc
_cjpc
_d20190805
910 _abgr
_bjpc
_cjpc
_d20190808
942 _2ddc
_cBOOK
994 _aC0
_bPEPRU
596 _a1
999 _a574.015195 V66 2019
_wDEWEY
_c31594
_i80425
_d31594
_e2019-8-19
_f2021-11-5
_g3
_lCCODEBUL1
_mBUL
_n1
_p35.00
_r0
_sY
_tBOOK
_u2019-8-5
_xBIBLIOTECA
_PP83
_0COMPRA
_1FCOMPR3
_o.STAFF. Colección Ciencias de la Salud
999 _a574.015195 V66 2019
_wDEWEY
_c2
_i80436
_f2021-11-5
_g3
_lCCODEBUL1
_mBUL
_p35.00
_r0
_sY
_tBOOK
_u2019-8-8
_xBIBLIOTECA
_PP82
_0COMPRA
_1FCOMPR3
_o.STAFF. Colección Ciencias de la Salud
980 _81
_gALBERTO SANCHEZ Responsable de Automatización